000 00196 a2200109 4500
020 _a0-7368-4132-6
041 _aspa
100 _atrumbauer,lisa
245 _arestar
942 _cBK
952 _71
999 _c17088
_d17088